[Event "SRB Team Chmp 2008"]
[Site "Subotica"]
[Date "2008.09.10"]
[Round "9.1"]
[White "Ivanovic, Bozidar"]
[Black "Solak, Dragan"]
[Result "0-1"]
[WhiteElo "2436"]
[BlackElo "2596"]
[PlyCount "66"]
[EventDate "2008.09.01"]

1. e4 c5 2. Nf3 Nc6 3. d4 cxd4 4. Nxd4 e5 5. Nxc6 bxc6 6. Bc4 Nf6 7. Qe2 Bb4+
8. Bd2 Qb6 9. Bxf7+ Kxf7 10. Qc4+ d5 11. Qxb4 Nxe4 12. Qxb6 axb6 13. Nc3 Bf5
14. Nxe4 Bxe4 15. O-O Rhe8 16. Rfe1 Bf5 17. c3 c5 18. a3 Ke6 19. f4 e4 20. h3
Kd6 21. Be3 Bd7 22. b3 Bb5 23. a4 Bd3 24. b4 Rec8 25. a5 cxb4 26. cxb4 bxa5 27.
bxa5 Rc4 28. Rec1 Rxc1+ 29. Bxc1 d4 30. Bb2 Kd5 31. f5 e3 32. g4 Bc2 33. Bc1
Ke4 0-1

[Event "SRB Team Chmp 2008"]
[Site "Subotica"]
[Date "2008.09.10"]
[Round "9.1"]
[White "Zakic, Srdjan"]
[Black "Markus, Robert"]
[Result "0-1"]
[WhiteElo "2357"]
[BlackElo "2572"]
[PlyCount "74"]
[EventDate "2008.09.01"]

1. e4 c5 2. Nf3 e6 3. d3 b6 4. g3 Bb7 5. Bg2 d6 6. O-O Be7 7. Nbd2 Nf6 8. Re1
O-O 9. c3 Nbd7 10. b3 Qc7 11. Bb2 Ne5 12. Qe2 Ba6 13. c4 Nxf3+ 14. Nxf3 Bb7 15.
Ng5 Nd7 16. Qh5 h6 17. Nh3 Bf6 18. Bxf6 Nxf6 19. Qh4 Nh7 20. f4 f5 21. g4 Rae8
22. g5 fxe4 23. Bxe4 Bxe4 24. Rxe4 hxg5 25. fxg5 Qf7 26. Nf4 Qf5 27. g6 Ng5 28.
Kh1 Rf6 29. Rg1 Nxe4 30. Qh7+ Kf8 31. Qh8+ Ke7 32. Qxg7+ Kd8 33. dxe4 Qxf4 34.
Qb7 Qf3+ 35. Rg2 Rxg6 36. Qb8+ Ke7 37. Qb7+ Kf8 0-1

[Event "SRB Team Chmp 2008"]
[Site "Subotica"]
[Date "2008.09.10"]
[Round "9.1"]
[White "Popovic, Dusan"]
[Black "Dudukovic, Nikola"]
[Result "1-0"]
[WhiteElo "2551"]
[BlackElo "2180"]
[PlyCount "69"]
[EventDate "2008.09.01"]

1. e4 c5 2. Ne2 e6 3. Nbc3 a6 4. g3 b5 5. Bg2 Bb7 6. O-O d6 7. d3 Nf6 8. h3 Qc7
9. f4 Nbd7 10. g4 Nb6 11. g5 Nfd7 12. Be3 h6 13. a4 b4 14. a5 Nc8 15. Na4 hxg5
16. fxg5 Ne5 17. Nf4 g6 18. Qe1 Nc6 19. c3 Bg7 20. h4 bxc3 21. bxc3 Nxa5 22. h5
Ne7 23. h6 Bf8 24. Qf2 O-O-O 25. Rfb1 Kb8 26. Nb6 Nac6 27. d4 Nc8 28. Nc4 cxd4
29. cxd4 Ka8 30. d5 Ne5 31. Na5 Ng4 32. Qe2 Nxe3 33. Rxb7 Qc5 34. Qxa6+ Na7 35.
Rxa7+ 1-0

[Event "SRB Team Chmp 2008"]
[Site "Subotica"]
[Date "2008.09.10"]
[Round "9.1"]
[White "Sarenac, David"]
[Black "Lazic, Miroljub"]
[Result "0-1"]
[WhiteElo "2222"]
[BlackElo "2528"]
[PlyCount "62"]
[EventDate "2008.09.01"]

1. e4 g6 2. d4 Bg7 3. Nc3 d6 4. Be3 a6 5. Qd2 Nd7 6. a4 b6 7. f4 Bb7 8. Nf3 e6
9. Bd3 Ne7 10. O-O O-O 11. f5 exf5 12. exf5 Nf6 13. Bg5 Qd7 14. Qf4 Nxf5 15. g4
Ne3 16. Qxe3 Qxg4+ 17. Kf2 Rae8 18. Qf4 Bxf3 19. Qxg4 Bxg4 20. Bxa6 Bf5 21.
Bxf6 Bxf6 22. Nb5 Re7 23. Kg3 Rfe8 24. Bb7 Re2 25. c3 Rxb2 26. Nxc7 Re3+ 27.
Rf3 Ree2 28. h3 h5 29. Rff1 Bg5 30. h4 Bd8 31. Nb5 Rh2 0-1

[Event "SRB Team Chmp 2008"]
[Site "Subotica"]
[Date "2008.09.10"]
[Round "9.3"]
[White "Berkes, Ferenc"]
[Black "Predojevic, Borki"]
[Result "1/2-1/2"]
[WhiteElo "2645"]
[BlackElo "2634"]
[PlyCount "24"]
[EventDate "2008.09.01"]

1. d4 d5 2. c4 c6 3. Nf3 Nf6 4. cxd5 cxd5 5. Nc3 Nc6 6. Bf4 Bf5 7. e3 e6 8. Bd3
Bxd3 9. Qxd3 Bd6 10. Bxd6 Qxd6 11. O-O O-O 12. Rac1 Rac8 1/2-1/2

[Event "SRB Team Chmp 2008"]
[Site "Subotica"]
[Date "2008.09.10"]
[Round "9.3"]
[White "Vuckovic, Bojan"]
[Black "Sedlak, Nikola"]
[Result "1-0"]
[WhiteElo "2563"]
[BlackElo "2576"]
[PlyCount "75"]
[EventDate "2008.09.01"]

1. e4 e6 2. d4 d5 3. Nc3 Bb4 4. e5 c5 5. a3 Bxc3+ 6. bxc3 Ne7 7. Qg4 Qc7 8. Bd3
c4 9. Be2 Nf5 10. Nf3 Nc6 11. Nh4 Nce7 12. Nxf5 Nxf5 13. h4 f6 14. Bf4 Qf7 15.
h5 Bd7 16. h6 g5 17. Bh2 Rg8 18. exf6 Qxf6 19. Be5 Qf7 20. Qf3 g4 21. Qf4 Qg6
22. f3 g3 23. Kd2 Ke7 24. Rh3 Raf8 25. Rah1 Ba4 26. Bd1 Kd7 27. Qg4 Qf7 28. Bg7
Re8 29. Rxg3 Nxg3 30. Qxg3 Qe7 31. Qe5 Qxa3 32. f4 b5 33. Bg4 Qd6 34. f5 Qa3
35. f6 Bxc2 36. Qxd5+ Kc7 37. Qe5+ Kc6 38. Bf3+ 1-0

[Event "SRB Team Chmp 2008"]
[Site "Subotica"]
[Date "2008.09.10"]
[Round "9.3"]
[White "Bogosavljevic, Boban"]
[Black "Pavlovic, Milos"]
[Result "1-0"]
[WhiteElo "2533"]
[BlackElo "2515"]
[PlyCount "71"]
[EventDate "2008.09.01"]

1. Nf3 c5 2. c4 g6 3. d4 Bg7 4. e4 d6 5. Nc3 Nf6 6. Be2 O-O 7. O-O Bg4 8. Be3
Bxf3 9. Bxf3 cxd4 10. Bxd4 Nc6 11. Be3 Nd7 12. Rc1 Qa5 13. Qd2 Rfc8 14. Be2 a6
15. Rfd1 Rab8 16. a3 Qd8 17. b4 Nce5 18. c5 dxc5 19. f4 cxb4 20. axb4 Nc4 21.
Bxc4 Rxc4 22. Na2 Rxe4 23. Bf2 Qf8 24. Qxd7 Rxf4 25. Bg3 Bh6 26. Qc7 e5 27.
Bxf4 Bxf4 28. Rc4 Re8 29. g3 Be3+ 30. Kg2 Bd4 31. Qxb7 a5 32. Rf1 Re7 33. Qd5
Qe8 34. bxa5 Rd7 35. Qc6 Ba7 36. Nc3 1-0

[Event "SRB Team Chmp 2008"]
[Site "Subotica"]
[Date "2008.09.10"]
[Round "9.3"]
[White "Arsovic, Zoran"]
[Black "Djukic, Nikola"]
[Result "1/2-1/2"]
[WhiteElo "2475"]
[BlackElo "2545"]
[PlyCount "99"]
[EventDate "2008.09.01"]

1. Nf3 Nf6 2. c4 g6 3. Nc3 Bg7 4. e4 d6 5. d4 O-O 6. Be2 e5 7. Be3 Ng4 8. Bg5
f6 9. Bc1 exd4 10. Nxd4 f5 11. h3 Nh6 12. Bxh6 Bxh6 13. exf5 Bxf5 14. c5 dxc5
15. Qb3+ Kh8 16. Nxf5 Rxf5 17. Rd1 Qh4 18. O-O Qb4 19. Rd8+ Rf8 20. Rxf8+ Bxf8
21. Bf3 Qxb3 22. axb3 Nc6 23. Bxc6 bxc6 24. Ra1 Bd6 25. Kf1 Kg7 26. Ke2 Rb8 27.
Rxa7 c4 28. b4 Rxb4 29. Ra2 Bc5 30. f3 Bd4 31. Kd2 Kf6 32. Kc2 Kf5 33. Ra8 Bxc3
34. bxc3 Rb5 35. Rf8+ Kg5 36. g3 Ra5 37. Kb2 Rd5 38. h4+ Kh6 39. Kc2 Kg7 40.
Rf4 Rd3 41. g4 Kg8 42. g5 c5 43. Rxc4 Rxf3 44. Rxc5 Rf4 45. Rxc7 Rxh4 46. Kd3
Rg4 47. Rc5 Kf7 48. Re5 Rh4 49. c4 h6 50. gxh6 1/2-1/2

[Event "SRB Team Chmp 2008"]
[Site "Subotica"]
[Date "2008.09.10"]
[Round "9.3"]
[White "Arsovic, Goran"]
[Black "Roganovic, Milos"]
[Result "0-1"]
[WhiteElo "2469"]
[BlackElo "2393"]
[PlyCount "56"]
[EventDate "2008.09.01"]

1. d4 Nf6 2. Nf3 g6 3. c4 Bg7 4. g3 d5 5. cxd5 Nxd5 6. Bg2 Nb6 7. Nc3 Nc6 8. e3
O-O 9. O-O e5 10. d5 e4 11. dxc6 exf3 12. Bxf3 bxc6 13. Qc2 Bh3 14. Rd1 Qf6 15.
Be2 Qe6 16. Bd2 Nc4 17. Na4 Nxd2 18. Rxd2 Rab8 19. Rc1 Rfd8 20. b3 Rxd2 21.
Qxd2 Bf6 22. Bf3 Rd8 23. Qe1 Rd6 24. Nc5 Qf5 25. Qe2 Rd2 26. e4 Qg5 27. Qc4 Bd4
28. Nd3 Rxd3 0-1

[Event "SRB Team Chmp 2008"]
[Site "Subotica"]
[Date "2008.09.10"]
[Round "9.4"]
[White "Djuric, Stefan"]
[Black "Marinkovic, Slavisa"]
[Result "0-1"]
[WhiteElo "2462"]
[BlackElo "2380"]
[PlyCount "94"]
[EventDate "2008.09.01"]

1. e4 c5 2. Nf3 d6 3. Nc3 Nf6 4. d4 cxd4 5. Nxd4 a6 6. g3 e5 7. Nb3 Nbd7 8. Bg2
Be7 9. O-O O-O 10. a4 b6 11. f4 Bb7 12. Nd5 Rc8 13. c3 Nxd5 14. exd5 Bf6 15.
Kh1 Re8 16. fxe5 dxe5 17. Be3 Bg5 18. Bxg5 Qxg5 19. Qe2 Nf6 20. Rad1 h5 21. d6
Bxg2+ 22. Kxg2 Rcd8 23. Nd2 e4 24. Nc4 b5 25. Ne3 Qc5 26. Rxf6 gxf6 27. Rd5 Qb6
28. Nf5 Re5 29. a5 Rxf5 30. axb6 Rxd5 31. Qxe4 R5xd6 32. Qb7 Rd2+ 33. Kf3 b4
34. Qc7 R2d7 35. Qc5 bxc3 36. bxc3 Rd5 37. Qe7 Rf5+ 38. Kg2 Rd2+ 39. Kg1 Rd1+
40. Kg2 Rd2+ 41. Kg1 Re5 42. b7 Rxe7 43. b8=Q+ Kg7 44. Kf1 Ree2 45. g4 Rxh2 46.
Kg1 Rhg2+ 47. Kf1 Rb2 0-1

[Event "SRB Team Chmp 2008"]
[Site "Subotica"]
[Date "2008.09.10"]
[Round "9.4"]
[White "Stamenkovic, Dragan"]
[Black "Tosic, Miroslav"]
[Result "0-1"]
[WhiteElo "2412"]
[BlackElo "2422"]
[PlyCount "116"]
[EventDate "2008.09.01"]

1. d4 Nf6 2. Bg5 c6 3. Bxf6 gxf6 4. e3 Qb6 5. b3 c5 6. Nf3 d5 7. c4 cxd4 8.
Qxd4 Qxd4 9. Nxd4 dxc4 10. Bxc4 a6 11. Nc3 e6 12. Ke2 Bd7 13. Rhd1 Nc6 14. Ne4
Be7 15. Nxc6 Bxc6 16. f3 f5 17. Nf2 h5 18. Rac1 h4 19. e4 fxe4 20. Nxe4 Rd8 21.
Rxd8+ Kxd8 22. Bd3 Rh5 23. Ke3 Ra5 24. a4 f5 25. Nd2 Bg5+ 26. Ke2 Re5+ 27. Kd1
Rd5 28. Ke2 Ke7 29. Rc2 Re5+ 30. Kf1 h3 31. gxh3 Bxd2 32. Rxd2 Bxf3 33. Kf2 Bc6
34. Rc2 a5 35. Rc4 Rd5 36. Ke3 Kf6 37. Rh4 Kg5 38. Rh8 f4+ 39. Ke2 Re5+ 40. Kf2
Re3 41. h4+ Kf6 42. Bc4 e5 43. h5 Rh3 44. Kg1 Rc3 45. Rf8+ Kg5 46. Be6 Rc1+ 47.
Kf2 Rc2+ 48. Ke1 Kxh5 49. Rf5+ Kg6 50. h4 Rc5 51. Kd2 Be4 52. Rg5+ Kf6 53. Bc4
Rc8 54. Rh5 Bg6 55. Rg5 Rh8 56. Rg4 Bf5 57. Rg8 Rxg8 58. Bxg8 Be6 0-1

[Event "SRB Team Chmp 2008"]
[Site "Subotica"]
[Date "2008.09.10"]
[Round "9.4"]
[White "Kosanovic, Goran A"]
[Black "Marinkovic, Ivan"]
[Result "0-1"]
[WhiteElo "2393"]
[BlackElo "2453"]
[PlyCount "130"]
[EventDate "2008.09.01"]

1. e4 Nf6 2. Nc3 e5 3. Nf3 d6 4. d4 Nbd7 5. Bc4 Be7 6. O-O O-O 7. a4 c6 8. a5
Rb8 9. Re1 b5 10. axb6 axb6 11. d5 b5 12. dxc6 bxc4 13. cxd7 Bxd7 14. Bg5 Rxb2
15. Bxf6 Bxf6 16. Qxd6 Rxc2 17. Nd5 Be6 18. Nxf6+ gxf6 19. Qc5 Rb2 20. Re3 Rb3
21. h3 Re8 22. Ra6 Qe7 23. Qa5 Qb4 24. Qxb4 Rxb4 25. Rc6 Rc8 26. Rxc8+ Bxc8 27.
Nd2 Kf8 28. Rc3 Ba6 29. Kf1 Ke7 30. Ke1 Ra4 31. Kd1 Ke6 32. Kc1 f5 33. exf5+
Kxf5 34. Rf3+ Ke6 35. Ne4 Ke7 36. Nc3 Ra5 37. Rf5 Bb7 38. f3 Ke6 39. Rh5 Ra1+
40. Nb1 Ra2 41. Rh6+ Ke7 42. Rb6 Bc8 43. Rb2 Rxb2 44. Kxb2 Kf6 45. Kc3 Be6 46.
Nd2 Kf5 47. g3 Bd5 48. Nxc4 Bxf3 49. Kd3 h5 50. Ne3+ Ke6 51. h4 f5 52. Nc4 f4
53. gxf4 exf4 54. Nd2 Bg2 55. Ke2 Kf5 56. Kf2 Ba8 57. Nf1 Kg4 58. Nh2+ Kxh4 59.
Nf1 Kg4 60. Nh2+ Kf5 61. Nf1 h4 62. Nh2 h3 63. Kf1 Bg2+ 64. Kf2 Kg5 65. Ke1 f3
0-1

[Event "SRB Team Chmp 2008"]
[Site "Subotica"]
[Date "2008.09.10"]
[Round "9.4"]
[White "Certic, Branimir"]
[Black "Klasan, Vladimir"]
[Result "1-0"]
[WhiteElo "2392"]
[BlackElo "2330"]
[PlyCount "79"]
[EventDate "2008.09.01"]

1. Nf3 d5 2. c3 Nf6 3. d3 c6 4. Bg5 Bg4 5. Nbd2 Nbd7 6. h3 Bxf3 7. Nxf3 e5 8.
Qc2 Bc5 9. e4 O-O 10. Be2 Re8 11. O-O Nf8 12. Rad1 Ne6 13. Bc1 Qc7 14. d4 dxe4
15. Nxe5 Bd6 16. Nc4 Bh2+ 17. Kh1 Bf4 18. Ne3 h5 19. Rfe1 Qa5 20. Bc4 Qg5 21.
Bf1 Rad8 22. g3 Bxe3 23. Bxe3 Qf5 24. Bg2 g6 25. Re2 Ng5 26. Bxg5 Qxg5 27. h4
Qd5 28. b3 Re6 29. Rde1 Rde8 30. Kg1 Kg7 31. Re3 Qf5 32. R3e2 Qd5 33. Qb1 Qa5
34. Qb2 Qf5 35. Qc2 Qd5 36. Qb1 Qa5 37. Qc1 a6 38. c4 Rd8 39. Qb2 g5 40. d5 1-0

[Event "SRB Team Chmp 2008"]
[Site "Subotica"]
[Date "2008.09.10"]
[Round "9.5"]
[White "Marjanovic, Slavoljub"]
[Black "Cabrilo, Goran"]
[Result "1/2-1/2"]
[WhiteElo "2479"]
[BlackElo "2484"]
[PlyCount "30"]
[EventDate "2008.09.01"]

1. e4 e5 2. Nf3 Nc6 3. Bb5 a6 4. Ba4 Nf6 5. O-O Be7 6. Re1 b5 7. Bb3 d6 8. c3
O-O 9. h3 Na5 10. Bc2 c5 11. d4 Qc7 12. Nbd2 cxd4 13. cxd4 Nc6 14. Nb3 a5 15.
Be3 a4 1/2-1/2

[Event "SRB Team Chmp 2008"]
[Site "Subotica"]
[Date "2008.09.10"]
[Round "9.5"]
[White "Miladinovic, Igor"]
[Black "Martinovic, Slobodan"]
[Result "1-0"]
[WhiteElo "2571"]
[BlackElo "2453"]
[PlyCount "61"]
[EventDate "2008.09.01"]

1. d4 Nf6 2. Bg5 e6 3. e3 b6 4. Nd2 Bb7 5. c3 Be7 6. Bxf6 Bxf6 7. Ngf3 c5 8.
Bd3 Nc6 9. Qe2 Rc8 10. h4 h6 11. Rd1 Qc7 12. a3 d5 13. Kf1 g6 14. e4 dxe4 15.
Nxe4 Be7 16. Rh3 Rd8 17. Qe3 cxd4 18. cxd4 Kf8 19. Rc1 Qb8 20. Bb5 Rc8 21. Kg1
Kg7 22. Rg3 Kh7 23. h5 g5 24. Nfxg5+ hxg5 25. Nxg5+ Bxg5 26. Qxg5 Rhg8 27. Bd3+
f5 28. Bxf5+ exf5 29. Qxf5+ Kh8 30. Qf6+ Kh7 31. Rg6 1-0

[Event "SRB Team Chmp 2008"]
[Site "Subotica"]
[Date "2008.09.10"]
[Round "9.5"]
[White "Miljkovic, Miroslav D"]
[Black "Perunovic, Milos"]
[Result "1/2-1/2"]
[WhiteElo "2427"]
[BlackElo "2589"]
[PlyCount "31"]
[EventDate "2008.09.01"]

1. d4 Nf6 2. c4 c5 3. d5 b5 4. cxb5 a6 5. bxa6 g6 6. Nc3 Bxa6 7. Nf3 Bg7 8. g3
d6 9. Bg2 Nbd7 10. Rb1 O-O 11. O-O Ne8 12. Bg5 Nc7 13. Nh4 Bc4 14. b3 Ba6 15.
Qd2 Re8 16. Rfe1 1/2-1/2

[Event "SRB Team Chmp 2008"]
[Site "Subotica"]
[Date "2008.09.10"]
[Round "9.5"]
[White "Maksimovic, Branimir"]
[Black "Jeremic, Veljko"]
[Result "1/2-1/2"]
[WhiteElo "2397"]
[BlackElo "2503"]
[PlyCount "91"]
[EventDate "2008.09.01"]

1. e4 e6 2. Nc3 d5 3. d4 Nf6 4. Bg5 dxe4 5. Nxe4 Nbd7 6. Nf3 h6 7. Nxf6+ Nxf6
8. Bh4 c5 9. Bb5+ Bd7 10. Bxd7+ Qxd7 11. dxc5 Qxd1+ 12. Rxd1 Bxc5 13. Bxf6 gxf6
14. Ke2 Rg8 15. Ne1 Ke7 16. g3 Rac8 17. c4 Rg4 18. b3 f5 19. Nd3 Bd6 20. Rd2
Re4+ 21. Kf3 a6 22. Rhd1 Rd4 23. Nb2 Rxd2 24. Rxd2 Bb4 25. Rc2 Rd8 26. Ke2 Rd4
27. Nd3 Bd6 28. c5 Bc7 29. b4 e5 30. a3 Ke6 31. Nb2 Kd5 32. Nd1 f4 33. f3 f5
34. gxf4 Rxf4 35. Ne3+ Kc6 36. Rd2 e4 37. fxe4 Rxe4 38. Kd3 Rh4 39. Nxf5 Rxh2
40. Rxh2 Bxh2 41. Nxh6 a5 42. Kc4 axb4 43. axb4 b5+ 44. cxb6 Kxb6 45. Nf5 Bg1
46. Ne7 1/2-1/2

[Event "SRB Team Chmp 2008"]
[Site "Subotica"]
[Date "2008.09.10"]
[Round "9.6"]
[White "Ivanisevic, Ivan"]
[Black "Efimenko, Zahar"]
[Result "0-1"]
[WhiteElo "2664"]
[BlackElo "2670"]
[PlyCount "74"]
[EventDate "2008.09.01"]

1. d4 Nf6 2. c4 e6 3. g3 d5 4. Nf3 Bb4+ 5. Bd2 Be7 6. Bg2 c6 7. O-O Nbd7 8. Nc3
dxc4 9. e4 b5 10. d5 cxd5 11. exd5 exd5 12. Nd4 Bb7 13. Nf5 O-O 14. Nxb5 Bc5
15. Bc3 Qb6 16. Nbd4 Rfe8 17. b4 Bf8 18. a4 Ne4 19. Be1 Ne5 20. a5 Qf6 21. Ra3
Nd3 22. Rxd3 cxd3 23. Qxd3 g6 24. Ne3 Bg7 25. Nec2 Rac8 26. f3 Nd6 27. Bf2 Rc4
28. Rd1 Bc8 29. Qd2 Bd7 30. Bf1 Rcc8 31. h4 Nc4 32. Qg5 Qxg5 33. hxg5 Ba4 34.
Re1 Rxe1 35. Nxe1 Nd2 36. Nb5 Nxf1 37. Nxa7 Ra8 0-1

[Event "SRB Team Chmp 2008"]
[Site "Subotica"]
[Date "2008.09.10"]
[Round "9.6"]
[White "Blagojevic, Dragisa"]
[Black "Damljanovic, Branko"]
[Result "0-1"]
[WhiteElo "2519"]
[BlackElo "2579"]
[PlyCount "90"]
[EventDate "2008.09.01"]

1. d4 Nf6 2. c4 e6 3. Nf3 d5 4. g3 Bb4+ 5. Bd2 Be7 6. Bg2 c6 7. Qc2 Nbd7 8. O-O
O-O 9. Bf4 b6 10. Rd1 Bb7 11. Ne5 Rc8 12. Nc3 Nh5 13. Be3 Nhf6 14. Bf4 b5 15.
c5 b4 16. Na4 Nxe5 17. Bxe5 Ba6 18. Bf3 Nd7 19. Bf4 g5 20. Bd2 Rb8 21. e4 Bf6
22. Be3 Bg7 23. exd5 exd5 24. Bg4 h6 25. b3 Nf6 26. Bf5 Bc8 27. f3 Re8 28. Bf2
g4 29. fxg4 Nxg4 30. Bxg4 Bxg4 31. Re1 Qf6 32. Nb2 Bf5 33. Qd1 Qg6 34. Qd2 h5
35. Nd1 Rxe1+ 36. Qxe1 Be4 37. Be3 h4 38. Qf2 Re8 39. a3 a5 40. axb4 axb4 41.
Qf4 hxg3 42. hxg3 Bc2 43. Nf2 Bxb3 44. Ra7 Bc4 45. Rb7 b3 0-1

[Event "SRB Team Chmp 2008"]
[Site "Subotica"]
[Date "2008.09.10"]
[Round "9.6"]
[White "Iordachescu, Viorel"]
[Black "Antic, Dejan"]
[Result "1/2-1/2"]
[WhiteElo "2579"]
[BlackElo "2482"]
[PlyCount "116"]
[EventDate "2008.09.01"]

1. e4 e6 2. d4 d5 3. Nc3 Nf6 4. Bg5 dxe4 5. Nxe4 Be7 6. Bxf6 Bxf6 7. Nf3 Nd7 8.
Bd3 O-O 9. Qe2 b6 10. Neg5 g6 11. Qe4 Bb7 12. Qxb7 Bxg5 13. h4 Bf6 14. h5 e5
15. hxg6 hxg6 16. O-O-O exd4 17. Qe4 Nc5 18. Qf4 Nxd3+ 19. Rxd3 Re8 20. Kd1 c5
21. g4 c4 22. Rd2 d3 23. Qxc4 dxc2+ 24. Qxc2 Rc8 25. Rxd8 Rexd8+ 26. Kc1 Rxc2+
27. Kxc2 Rc8+ 28. Kb3 Rc5 29. a4 b5 30. Ra1 bxa4+ 31. Rxa4 Rb5+ 32. Rb4 Rxb4+
33. Kxb4 Bxb2 34. Kb5 Ba3 35. Ne5 Kg7 36. g5 Be7 37. Nc6 Bxg5 38. Nxa7 Kf6 39.
Kc4 Ke5 40. Kd3 Bh4 41. Ke2 Kd5 42. Nb5 Bf6 43. Na3 Bd4 44. Nc2 g5 45. Ne1 g4
46. f3 g3 47. Ng2 Ke5 48. Kd3 Bc5 49. Ke2 Be7 50. Kd3 Bg5 51. Ke2 Bd8 52. Kd3
Be7 53. Ke3 Bc5+ 54. Kd3 Bb6 55. Ke2 Bc5 56. Kd3 Ba7 57. Ke2 Kd4 58. Ne1 Bb6
1/2-1/2

[Event "SRB Team Chmp 2008"]
[Site "Subotica"]
[Date "2008.09.10"]
[Round "9.6"]
[White "Barlov, Dragan"]
[Black "Stojanovic, Mihajlo"]
[Result "0-1"]
[WhiteElo "2474"]
[BlackElo "2552"]
[PlyCount "174"]
[EventDate "2008.09.01"]

1. c4 e6 2. Nf3 Nf6 3. g3 d5 4. Bg2 Nbd7 5. O-O c6 6. Qc2 b5 7. d3 Ba6 8. b3
Be7 9. Bb2 O-O 10. Nbd2 Qa5 11. a3 bxc4 12. dxc4 Rac8 13. Rfd1 Rfd8 14. e4 Qb6
15. b4 Bxc4 16. Nxc4 dxc4 17. Qxc4 a5 18. Bd4 c5 19. bxa5 Qxa5 20. Bc3 Qa7 21.
a4 Nb6 22. Rxd8+ Bxd8 23. Qe2 Nbd7 24. a5 Nb8 25. Ne5 Na6 26. Nc4 Nb4 27. h3
Qa6 28. Bf1 Ra8 29. Qf3 Qc6 30. Bg2 Ra7 31. Kh2 h6 32. Rd1 Be7 33. Qf4 Qc8 34.
Qe3 Qa6 35. Bf1 Qb5 36. Be2 Qa4 37. Ra1 Qd7 38. Rd1 Qa4 39. Rd2 Nc6 40. Rb2 Nd4
41. Rb8+ Kh7 42. Bd3 Nd7 43. Rb1 g6 44. Kg2 e5 45. h4 h5 46. Qc1 Bd8 47. Qb2
Qc6 48. f3 Qf6 49. Rf1 Qc6 50. Rf2 Qe6 51. Qa2 Nb8 52. Qa3 Na6 53. Rb2 Qf6 54.
Bxd4 exd4 55. e5 Qe7 56. Nd6 Qxe5 57. Rb7 Rxb7 58. Nxb7 Bc7 59. Bxa6 Qxg3+ 60.
Kf1 Qh2 61. Qxc5 Qh1+ 62. Ke2 Qg2+ 63. Kd3 Qxf3+ 64. Kc2 Qe4+ 65. Kb3 Qb1+ 66.
Ka4 Bxa5 67. Nxa5 d3 68. Qd5 Qa1+ 69. Kb3 Qf6 70. Qxd3 Qxh4 71. Nc4 Qg5 72. Kb4
h4 73. Bb5 f5 74. Qd7+ Kh6 75. Qf7 Qf4 76. Be8 Qg3 77. Qf6 Qe1+ 78. Kc5 Qxe8
79. Nd6 Qe3+ 80. Kc6 Kh5 81. Nf7 Qe4+ 82. Kd7 Qd3+ 83. Ke8 Qe3+ 84. Kf8 h3 85.
Kg7 Qg3 86. Kg8 h2 87. Qh8+ Kg4 0-1

[Event "SRB Team Chmp 2008"]
[Site "Subotica"]
[Date "2008.09.10"]
[Round "9.6"]
[White "Pavlovic, Milos M"]
[Black "Novoselski, Zoran"]
[Result "0-1"]
[WhiteElo "2537"]
[BlackElo "2388"]
[PlyCount "64"]
[EventDate "2008.09.01"]

1. d4 e6 2. c4 f5 3. g3 Nf6 4. Bg2 Be7 5. Nf3 O-O 6. O-O d6 7. Nc3 Ne4 8. Qc2
Nxc3 9. bxc3 Nc6 10. e4 e5 11. Rd1 Qe8 12. c5 f4 13. cxd6 cxd6 14. Rb1 Qh5 15.
Rd3 Kh8 16. Ba3 Bg4 17. Rxb7 fxg3 18. hxg3 Bxf3 19. Bxf3 Rxf3 20. Rxf3 Qxf3 21.
d5 h5 22. dxc6 h4 23. gxh4 Rf8 24. Rxe7 Qg4+ 25. Kf1 Qh3+ 26. Kg1 Rf4 27. Qe2
Rxh4 28. f3 Qg3+ 29. Qg2 Qe1+ 30. Qf1 Rh1+ 31. Kxh1 Qxf1+ 32. Kh2 Qf2+ 0-1